<?xml version="1.0" encoding="UTF-8"?>
<collection xmlns="http://www.loc.gov/MARC21/slim">
 <record>
  <leader>04474cam a2200649   4500</leader>
  <controlfield tag="001">1644767562</controlfield>
  <controlfield tag="003">DE-627</controlfield>
  <controlfield tag="005">20231009155508.0</controlfield>
  <controlfield tag="007">tu</controlfield>
  <controlfield tag="008">181126s2018    it |||||      00| ||eng c</controlfield>
  <datafield tag="020" ind1=" " ind2=" ">
   <subfield code="a">9788867286614</subfield>
   <subfield code="9">978-88-6728-661-4</subfield>
  </datafield>
  <datafield tag="020" ind1=" " ind2=" ">
   <subfield code="a">8867286617</subfield>
   <subfield code="9">88-6728-661-7</subfield>
  </datafield>
  <datafield tag="035" ind1=" " ind2=" ">
   <subfield code="a">(DE-627)1644767562</subfield>
  </datafield>
  <datafield tag="035" ind1=" " ind2=" ">
   <subfield code="a">(DE-576)514430559</subfield>
  </datafield>
  <datafield tag="035" ind1=" " ind2=" ">
   <subfield code="a">(DE-599)BSZ514430559</subfield>
  </datafield>
  <datafield tag="035" ind1=" " ind2=" ">
   <subfield code="a">(OCoLC)1061556124</subfield>
  </datafield>
  <datafield tag="035" ind1=" " ind2=" ">
   <subfield code="a">(OCoLC)1061556124</subfield>
  </datafield>
  <datafield tag="035" ind1=" " ind2=" ">
   <subfield code="a">(DE-604)BV045238467</subfield>
  </datafield>
  <datafield tag="040" ind1=" " ind2=" ">
   <subfield code="a">DE-627</subfield>
   <subfield code="b">ger</subfield>
   <subfield code="c">DE-627</subfield>
   <subfield code="e">rda</subfield>
  </datafield>
  <datafield tag="041" ind1=" " ind2=" ">
   <subfield code="a">eng</subfield>
  </datafield>
  <datafield tag="044" ind1=" " ind2=" ">
   <subfield code="c">XA-IT</subfield>
  </datafield>
  <datafield tag="245" ind1="1" ind2="4">
   <subfield code="a">The art of medieval Hungary</subfield>
   <subfield code="c">edited by Xavier Barral i Altet, Pál Lövei, Vinni Lucherini, Imre Takács</subfield>
  </datafield>
  <datafield tag="250" ind1=" " ind2=" ">
   <subfield code="a">Prima edizione</subfield>
  </datafield>
  <datafield tag="264" ind1=" " ind2="1">
   <subfield code="a">Roma</subfield>
   <subfield code="b">Viella</subfield>
   <subfield code="c">September 2018</subfield>
  </datafield>
  <datafield tag="300" ind1=" " ind2=" ">
   <subfield code="a">553 Seiten, 176 ungezählte Seiten Bildtafeln</subfield>
   <subfield code="b">Illustrationen, Karten, Pläne</subfield>
  </datafield>
  <datafield tag="336" ind1=" " ind2=" ">
   <subfield code="a">Text</subfield>
   <subfield code="b">txt</subfield>
   <subfield code="2">rdacontent</subfield>
  </datafield>
  <datafield tag="337" ind1=" " ind2=" ">
   <subfield code="a">ohne Hilfsmittel zu benutzen</subfield>
   <subfield code="b">n</subfield>
   <subfield code="2">rdamedia</subfield>
  </datafield>
  <datafield tag="338" ind1=" " ind2=" ">
   <subfield code="a">Band</subfield>
   <subfield code="b">nc</subfield>
   <subfield code="2">rdacarrier</subfield>
  </datafield>
  <datafield tag="490" ind1="1" ind2=" ">
   <subfield code="a">Bibliotheca Academiae Hungariae. Studia</subfield>
   <subfield code="v">7</subfield>
  </datafield>
  <datafield tag="520" ind1=" " ind2=" ">
   <subfield code="a">With this book, the Hungarian Academy of Rome offers to the medievalist community a thematic synthesis about Hungarian medieval art, reconstructing, in a European perspective, more than four hundred years of artistic production in a country located right at the heart of Europe. The book presents an up-to-date view from the Romanesque through Late Gothic up to the beginning of the Renaissance, with an emphasis on the artistic relations that evolved between Hungary and other European territories, such as the Capetian Kingdom, the Italian Peninsula and the German Empire. Situated at the meeting point between the Mediterranean regions, the lands ruled by the courts of Europe west of the Alps and the territories of the Byzantine (later Ottoman) Empire, Hungary boasts an artistic heritage that is one of the most original features of our common European past. The book, whose editors and authors are among today?s foremost experts in medieval art history, is divided into four thematic sections ? the sources and art historiography of the medieval period, the boundary between history, art history and archaeology, church architecture and decorations, religious cults and symbols of the power ?, with a selection of essays on the main works of Hungarian medieval art held in museums and public collections</subfield>
  </datafield>
  <datafield tag="655" ind1=" " ind2="7">
   <subfield code="a">Aufsatzsammlung</subfield>
   <subfield code="0">(DE-588)4143413-4</subfield>
   <subfield code="0">(DE-627)105605727</subfield>
   <subfield code="0">(DE-576)209726091</subfield>
   <subfield code="2">gnd-content</subfield>
  </datafield>
  <datafield tag="689" ind1="0" ind2="0">
   <subfield code="d">g</subfield>
   <subfield code="0">(DE-588)4078541-5</subfield>
   <subfield code="0">(DE-627)104826150</subfield>
   <subfield code="0">(DE-576)209209097</subfield>
   <subfield code="a">Ungarn</subfield>
   <subfield code="2">gnd</subfield>
  </datafield>
  <datafield tag="689" ind1="0" ind2="1">
   <subfield code="d">s</subfield>
   <subfield code="0">(DE-588)4114333-4</subfield>
   <subfield code="0">(DE-627)105822957</subfield>
   <subfield code="0">(DE-576)209483733</subfield>
   <subfield code="a">Kunst</subfield>
   <subfield code="2">gnd</subfield>
  </datafield>
  <datafield tag="689" ind1="0" ind2="2">
   <subfield code="a">z</subfield>
   <subfield code="2">gnd</subfield>
   <subfield code="a">Geschichte 500-1500</subfield>
  </datafield>
  <datafield tag="689" ind1="0" ind2=" ">
   <subfield code="5">(DE-627)</subfield>
  </datafield>
  <datafield tag="700" ind1="1" ind2=" ">
   <subfield code="a">Barral i Altet, Xavier</subfield>
   <subfield code="d">1947-</subfield>
   <subfield code="e">HerausgeberIn</subfield>
   <subfield code="0">(DE-588)115822259</subfield>
   <subfield code="0">(DE-627)077495284</subfield>
   <subfield code="0">(DE-576)160177286</subfield>
   <subfield code="4">edt</subfield>
  </datafield>
  <datafield tag="700" ind1="1" ind2=" ">
   <subfield code="a">Lővei, Pál</subfield>
   <subfield code="e">HerausgeberIn</subfield>
   <subfield code="0">(DE-588)1056153334</subfield>
   <subfield code="0">(DE-627)793996511</subfield>
   <subfield code="0">(DE-576)412739151</subfield>
   <subfield code="4">edt</subfield>
  </datafield>
  <datafield tag="700" ind1="1" ind2=" ">
   <subfield code="a">Lucherini, Vinni</subfield>
   <subfield code="e">HerausgeberIn</subfield>
   <subfield code="0">(DE-588)1127255886</subfield>
   <subfield code="0">(DE-627)881705772</subfield>
   <subfield code="0">(DE-576)485155559</subfield>
   <subfield code="4">edt</subfield>
  </datafield>
  <datafield tag="700" ind1="1" ind2=" ">
   <subfield code="a">Takács, Imre</subfield>
   <subfield code="d">1959-</subfield>
   <subfield code="e">HerausgeberIn</subfield>
   <subfield code="0">(DE-588)1189921189</subfield>
   <subfield code="0">(DE-627)1668660652</subfield>
   <subfield code="4">edt</subfield>
  </datafield>
  <datafield tag="710" ind1="2" ind2=" ">
   <subfield code="a">Istituto Balassi</subfield>
   <subfield code="e">Herausgebendes Organ</subfield>
   <subfield code="0">(DE-588)1063971543</subfield>
   <subfield code="0">(DE-627)812772857</subfield>
   <subfield code="0">(DE-576)423507540</subfield>
   <subfield code="4">isb</subfield>
  </datafield>
  <datafield tag="787" ind1="0" ind2="8">
   <subfield code="i">Rezensiert in</subfield>
   <subfield code="a">Hörsch, Markus, 1960 - </subfield>
   <subfield code="t">[Rezension von: Xavier Barral i Altet / Pál Lővei / Imre Takács (eds.), The Art of Medieval Hungary]</subfield>
   <subfield code="d">2020</subfield>
   <subfield code="w">(DE-627)1783551739</subfield>
  </datafield>
  <datafield tag="787" ind1="0" ind2="8">
   <subfield code="i">Rezensiert in</subfield>
   <subfield code="a">Volti, Panayota</subfield>
   <subfield code="t">[Rezension von: Xavier Barral i Altet (Hrsg.), The art of medieval Hungary]</subfield>
   <subfield code="d">2019</subfield>
   <subfield code="w">(DE-627)180186358X</subfield>
  </datafield>
  <datafield tag="810" ind1="2" ind2=" ">
   <subfield code="a">Academia Catholica Hungarica</subfield>
   <subfield code="g">Rom</subfield>
   <subfield code="b">Bibliotheca</subfield>
   <subfield code="t">Studia</subfield>
   <subfield code="v">7</subfield>
   <subfield code="9">7</subfield>
   <subfield code="w">(DE-627)527563161</subfield>
   <subfield code="w">(DE-576)491422660</subfield>
   <subfield code="w">(DE-600)2274704-7</subfield>
   <subfield code="7">ns</subfield>
  </datafield>
  <datafield tag="856" ind1="4" ind2="2">
   <subfield code="u">https://swbplus.bsz-bw.de/bsz514430559inh.htm</subfield>
   <subfield code="m">V:DE-576;B:DE-16</subfield>
   <subfield code="q">application/pdf</subfield>
   <subfield code="v">20190119153405</subfield>
   <subfield code="3">Inhaltsverzeichnis</subfield>
  </datafield>
  <datafield tag="856" ind1="4" ind2="2">
   <subfield code="u">https://swbplus.bsz-bw.de/bsz1644767562rez.htm</subfield>
   <subfield code="m">V:DE-576;B:DE-16</subfield>
   <subfield code="q">application/pdf</subfield>
   <subfield code="v">20200624153035</subfield>
   <subfield code="3">Rezension</subfield>
  </datafield>
  <datafield tag="856" ind1="4" ind2="2">
   <subfield code="u">http://www.sehepunkte.de/2020/04/33391.html</subfield>
   <subfield code="m">V:DE-576;X:SEHEPUNKTE</subfield>
   <subfield code="q">text/html</subfield>
   <subfield code="v">20201116150521</subfield>
   <subfield code="3">Rezension</subfield>
  </datafield>
  <datafield tag="889" ind1=" " ind2=" ">
   <subfield code="w">(DE-627)1036388069</subfield>
  </datafield>
  <datafield tag="935" ind1=" " ind2=" ">
   <subfield code="i">mdedup</subfield>
  </datafield>
  <datafield tag="935" ind1=" " ind2=" ">
   <subfield code="h">SWB</subfield>
   <subfield code="i">4170rda</subfield>
  </datafield>
  <datafield tag="951" ind1=" " ind2=" ">
   <subfield code="a">BO</subfield>
  </datafield>
  <datafield tag="990" ind1=" " ind2=" ">
   <subfield code="a">Ungarn</subfield>
  </datafield>
  <datafield tag="990" ind1=" " ind2=" ">
   <subfield code="a">Kunst</subfield>
  </datafield>
  <datafield tag="990" ind1=" " ind2=" ">
   <subfield code="a">Geschichte 500-1500</subfield>
  </datafield>
  <datafield tag="991" ind1=" " ind2=" ">
   <subfield code="a">Rezensiertes Werk</subfield>
  </datafield>
  <datafield tag="999" ind1=" " ind2=" ">
   <subfield code="a">KXP-PPN1644767562</subfield>
   <subfield code="e">4032530785</subfield>
  </datafield>
  <datafield tag="991" ind1=" " ind2=" ">
   <subfield code="a">Rezensiertes Werk</subfield>
  </datafield>
  <datafield tag="999" ind1=" " ind2=" ">
   <subfield code="a">KXP-PPN1644767562</subfield>
   <subfield code="e">4153437344</subfield>
  </datafield>
 </record>
</collection>
